000
00255nam a2200109Ia 4500
008
190216s9999||||xx |||||||||||||| ||und||
100
_a
Null
245
0
_a
Malayalam-Pralayam
260
_b
"Bkm Book Depot, Champakulam"
650
_a
Malayalam
942
_c
BK
999
_c
25096
_d
25096